| 000 | 00940cam a22003378a 4500 | ||
|---|---|---|---|
| 001 | 790459 | ||
| 003 | ARRUPE | ||
| 005 | 20160126103500.0 | ||
| 008 | 891025s1989 enk b 001 0 eng | ||
| 010 | _a 88032337 | ||
| 020 | _a0415038863 | ||
| 035 | _a(OCoLC)18906789 | ||
| 035 | _a(OCoLC)ocm18906789 | ||
| 035 | _a(CStRLIN)NYCG89-B76440 | ||
| 035 | _a(NNC)790459 | ||
| 040 |
_dNNC _cArrupe |
||
| 050 | 0 |
_aB1537 _b.L44 1989 |
|
| 082 | 0 |
_a192 _219 |
|
| 090 |
_aB1537 _b.L44 1989 |
||
| 100 | 1 |
_aLehrer, Keith. _911310 |
|
| 245 | 1 | 0 |
_aThomas Reid / _cKeith Lehrer. |
| 260 |
_aLondon ; _aNew York : _bRoutledge, _c1989. |
||
| 263 | _a8907 | ||
| 300 |
_axii, 311 p. ; _c24 cm. |
||
| 490 | 1 | _aThe Arguments of the philosophers | |
| 504 | _aIncludes bibliographical references. | ||
| 600 | 1 | 0 |
_aReid, Thomas, _d1710-1796. _96813 |
| 830 | 0 |
_aArguments of the philosophers. _921761 |
|
| 942 |
_2lcc _cMONOGRAPH |
||
| 999 |
_c124024 _d124024 |
||